000 00283nam a22001337a 4500
008 181015b xxu||||| |||| 00| 0 eng d
020 _a9781285192390
041 _aeng
080 _a510
100 _a38
101 _aMAT
245 _aMathematics
_cAufmann,R.N
942 _2udc
_cBK
999 _c49676
_d49676